000 00832nas a2200289 4500
001 BR2015003156
003 BR-BrBNA
005 20231205125348.0
007 ta
008 230509b bl.|||p| |||| 00| 00por d
040 _aBR-BrBNA
_bpor
_cBiblioteca Nacional de Agricultura
041 _a(Pt)
072 _aF62
100 1 _aFelippi, M.
100 1 _aLonghi, S.J.
100 1 _aAraújo, M.M.
245 1 _aHolocalyx balansae: aspectos fenológicos, morfológicos e germinação de sementes
650 _aALECRIM
650 _aSEMENTE
650 _aFLORAÇÃO
650 _aGERMINAÇÃO
650 _aFRUTIFICAÇÃO
650 _aEMERGÊNCIA
773 0 _tFloresta (Brazil)
_xISSN 0015-3826
_g(Oct-Dec 2014), v. 44(4) p. 677-686
_wBR2015003156
909 _a202311
_bLúcia
_c55
_dLúcia Elande
942 _2AGRIS
_n0
_cANA
999 _c243981
_d243981